[Event "España ch sub-14 2009"]
[Site "Granada ESP"]
[Date "2009.07.08"]
[Round "3.15"]
[White "Ballester Llagaria, Luis Eduardo"]
[Black "Martin Romero Nestor Effren"]
[Result "1-0"]
[WhiteElo "2067"]
[BlackElo "1606"]
[PlyCount "53"]
[EventDate "2009.07.07"]
[EventType "swiss"]
[EventRounds "9"]
[EventCountry "ESP"]
[Source "lmi"]
[SourceDate "2009.07.07"]

1. e4 d6 2. d4 Nf6 3. Nc3 g6 4. f4 Bg7 5. Nf3 Bg4 6. h3 Bxf3 7. Qxf3 O-O 8. Bd3
Nbd7 9. e5 Ne8 10. Be3 c6 11. O-O-O d5 12. h4 b5 13. h5 e6 14. hxg6 hxg6 15.
Qh3 f5 16. Qh7+ Kf7 17. Rh6 Rh8 18. Qxg6+ Kf8 19. Rxh8+ Bxh8 20. Rh1 Bg7 21.
Qxe6 Rc8 22. Qxf5+ Kg8 23. Qe6+ Kf8 24. Bg6 Qe7 25. Qf5+ Nef6 26. Bd2 Re8 27.
exf6 1-0

[Event "España ch sub-14 2009"]
[Site "Granada ESP"]
[Date "2009.07.08"]
[Round "3.16"]
[White "Santos Latasa, Jaime"]
[Black "Jimenez Almeida, Luis David"]
[Result "1-0"]
[WhiteElo "2256"]
[BlackElo "1789"]
[PlyCount "111"]
[EventDate "2009.07.07"]
[EventType "swiss"]
[EventRounds "9"]
[EventCountry "ESP"]
[Source "lmi"]
[SourceDate "2009.07.07"]

1. d4 f5 2. Nf3 Nf6 3. c4 g6 4. Nc3 Bg7 5. g3 O-O 6. Bg2 d6 7. O-O Nc6 8. d5
Ne5 9. Nxe5 dxe5 10. e4 f4 11. Qe2 g5 12. gxf4 exf4 13. e5 Ng4 14. e6 Ne5 15.
f3 Qe8 16. Nb5 Qd8 17. Bd2 c6 18. Nc3 cxd5 19. cxd5 Qb6+ 20. Kh1 Qxb2 21. Rab1
Qc2 22. Rfc1 Qd3 23. Qxd3 Nxd3 24. Rc2 b6 25. Nb5 Ba6 26. Bf1 Bxb5 27. Rxb5 Nc5
28. Rb1 Rfd8 29. Bb5 Rac8 30. Bc6 h6 31. Rd1 Be5 32. a4 Nb3 33. Bb4 Bd6 34. Rd3
Bxb4 35. Rxb3 Ba5 36. Re2 Rd6 37. Kg2 Kg7 38. Re4 Rc7 39. Rb1 Kf6 40. h4 Kg6
41. hxg5 hxg5 42. Rh1 Rc8 43. Kf2 Bd2 44. Ke2 Be3 45. Rb4 a5 46. Rbb1 Bc5 47.
Rh3 Rdd8 48. Rbh1 Rg8 49. Kd3 Kf5 50. Rh5 Rg7 51. R1h2 Ke5 52. Rg2 Kf6 53. Ke4
Rg6 54. Rgh2 Be3 55. Rh7 Rcg8 56. Rf7# 1-0

[Event "España ch sub-14 2009"]
[Site "Granada ESP"]
[Date "2009.07.09"]
[Round "4.1"]
[White "Navarro Lopez-Menchero, Daniel"]
[Black "Pardo Simon, David"]
[Result "1/2-1/2"]
[WhiteElo "2024"]
[BlackElo "2321"]
[PlyCount "72"]
[EventDate "2009.07.07"]
[EventType "swiss"]
[EventRounds "9"]
[EventCountry "ESP"]
[Source "lmi"]
[SourceDate "2009.07.07"]

1. e4 c5 2. Nf3 e6 3. d4 cxd4 4. Nxd4 Nc6 5. Nc3 Qc7 6. Be3 a6 7. Qd2 Nf6 8.
O-O-O Bb4 9. f3 Ne5 10. Nb3 b5 11. Kb1 Nc4 12. Bxc4 bxc4 13. Nc1 Rb8 14. N1e2
O-O 15. Bf4 e5 16. Bg5 Ne8 17. Ka1 d6 18. Rb1 Be6 19. Qe1 f5 20. Bd2 Nf6 21. h3
a5 22. Rf1 fxe4 23. fxe4 d5 24. exd5 Nxd5 25. Rxf8+ Rxf8 26. Qg3 Qb8 27. a3 Be7
28. Nxd5 Bxd5 29. Nc3 Ba8 30. Re1 Rf5 31. Qg4 Qf8 32. Qxc4+ Kh8 33. g4 Rf2 34.
Re2 Rxe2 35. Qxe2 Bd6 36. Nb5 a4 1/2-1/2

[Event "España ch sub-14 2009"]
[Site "Granada ESP"]
[Date "2009.07.09"]
[Round "4.2"]
[White "Anton Guijarro, David"]
[Black "Calle Moreau, Sergio"]
[Result "1-0"]
[WhiteElo "2265"]
[BlackElo "1953"]
[PlyCount "61"]
[EventDate "2009.07.07"]
[EventType "swiss"]
[EventRounds "9"]
[EventCountry "ESP"]
[Source "lmi"]
[SourceDate "2009.07.07"]

1. d4 Nf6 2. Nf3 g6 3. c4 Bg7 4. Nc3 O-O 5. e4 d6 6. Be2 e5 7. O-O Nc6 8. d5
Ne7 9. b4 Nd7 10. c5 f5 11. Ng5 Nf6 12. f3 f4 13. Ba3 h6 14. Ne6 Bxe6 15. dxe6
g5 16. b5 d5 17. exd5 Nfxd5 18. Nxd5 Qxd5 19. c6 Qxe6 20. cxb7 Rab8 21. Rc1 Kh8
22. Bxe7 Qxe7 23. Qd5 Rf6 24. Rc6 Rd6 25. Rxd6 cxd6 26. Rc1 Qd8 27. Qc6 Bf8 28.
Qc7 Qxc7 29. Rxc7 Kg8 30. Bc4+ Kh8 31. Bd5 1-0

[Event "España ch sub-14 2009"]
[Site "Granada ESP"]
[Date "2009.07.09"]
[Round "4.3"]
[White "Alcaraz Ortega, Javier"]
[Black "Villasenor Rubio, Emilio Jose"]
[Result "1-0"]
[WhiteElo "2241"]
[BlackElo "1937"]
[PlyCount "75"]
[EventDate "2009.07.07"]
[EventType "swiss"]
[EventRounds "9"]
[EventCountry "ESP"]
[Source "lmi"]
[SourceDate "2009.07.07"]

1. Nf3 Nf6 2. c4 g6 3. Nc3 Bg7 4. e4 d6 5. d4 O-O 6. Be2 e5 7. O-O Nc6 8. d5
Ne7 9. b4 Nh5 10. Re1 f5 11. a4 c6 12. Ba3 cxd5 13. cxd5 Nf4 14. Nd2 fxe4 15.
Ndxe4 Nf5 16. Ra2 Rf7 17. Bf1 Nd4 18. Nb5 Nxb5 19. Bxb5 Bf5 20. Bf1 Bxe4 21.
Rxe4 Qg5 22. Qe1 Rc8 23. Kh1 Bf8 24. g3 Nxd5 25. Bc4 Nf6 26. Bxf7+ Kxf7 27. Re3
Qf5 28. Kg2 e4 29. f3 d5 30. fxe4 Qh5 31. Rf2 dxe4 32. Bb2 Bg7 33. Rxe4 Qd5 34.
Kg1 Rf8 35. Re7+ Kg8 36. Rxg7+ Kxg7 37. Qe7+ Kg8 38. Bxf6 1-0

[Event "España ch sub-14 2009"]
[Site "Granada ESP"]
[Date "2009.07.09"]
[Round "4.4"]
[White "Tejedor Fuentes, Enrique"]
[Black "Cruz Lledo, Pablo"]
[Result "0-1"]
[WhiteElo "2004"]
[BlackElo "2190"]
[PlyCount "126"]
[EventDate "2009.07.07"]
[EventType "swiss"]
[EventRounds "9"]
[EventCountry "ESP"]
[Source "lmi"]
[SourceDate "2009.07.07"]

1. d4 d5 2. c4 c6 3. Nf3 Nf6 4. Nc3 a6 5. a4 e6 6. Bg5 a5 7. e3 Na6 8. Bd3 Nb4
9. Bb1 b6 10. Qe2 Ba6 11. b3 dxc4 12. bxc4 Nbd5 13. Nxd5 cxd5 14. Bd3 Bb4+ 15.
Kf1 Rc8 16. Bxf6 gxf6 17. cxd5 Bxd3 18. Qxd3 Qxd5 19. e4 Qc4 20. Qxc4 Rxc4 21.
Ke2 Ke7 22. Rhc1 Rhc8 23. Rxc4 Rxc4 24. Ra2 h6 25. Kd1 Bd6 26. Ke2 Kd7 27. Kd3
Rb4 28. h3 e5 29. h4 h5 30. dxe5 fxe5 31. Ng5 f6 32. Nh3 Kc6 33. Ng1 Bc5 34.
Nf3 b5 35. axb5+ Kxb5 36. g4 hxg4 37. Nh2 Rd4+ 38. Kc3 Rxe4 39. h5 Rc4+ 40. Kd3
Rd4+ 41. Ke2 f5 42. Rb2+ Bb4 43. Rc2 Rd6 44. Rc8 a4 45. Nf1 a3 46. Rc2 Ka4 47.
Ne3 Kb3 48. Rc1 a2 49. Ra1 Bc3 50. Rxa2 Kxa2 51. Nxf5 Rf6 52. Ne3 Rh6 53. Kd3
Kb3 54. Ke4 Rxh5 55. Nxg4 Kc4 56. f3 Kc5 57. Kd3 Bd4 58. Ke4 Ba1 59. Nf6 Rh1
60. Nd7+ Kd6 61. Nb6 Ke6 62. Na8 Rh4+ 63. Ke3 Bd4+ 0-1

[Event "España ch sub-14 2009"]
[Site "Granada ESP"]
[Date "2009.07.09"]
[Round "4.5"]
[White "Fernandez Lledo, Javier"]
[Black "Montoliu Cervero, Francisco"]
[Result "1-0"]
[WhiteElo "1977"]
[BlackElo "2063"]
[PlyCount "65"]
[EventDate "2009.07.07"]
[EventType "swiss"]
[EventRounds "9"]
[EventCountry "ESP"]
[Source "lmi"]
[SourceDate "2009.07.07"]

1. e4 c5 2. Nf3 d6 3. d4 cxd4 4. Nxd4 Nf6 5. Nc3 g6 6. Be3 Bg7 7. f3 Nc6 8. Qd2
O-O 9. Bc4 Bd7 10. O-O-O Rc8 11. Bb3 Ne5 12. Kb1 a6 13. h4 h5 14. g4 hxg4 15.
h5 Nxh5 16. Rdg1 Qa5 17. Bh6 Bf6 18. fxg4 Bxg4 19. Bf4 Nf3 20. Nxf3 Bxf3 21.
Rxg6+ Bg7 22. Rhg1 Kh7 23. R6g5 Rc5 24. e5 dxe5 25. Qd3+ e4 26. Nxe4 Bxe4 27.
Qxe4+ Kh8 28. Qh1 Rxg5 29. Rxg5 Qb4 30. Qxh5+ Kg8 31. Rxg7+ Kxg7 32. Bh6+ Kh7
33. Bxf8+ 1-0

[Event "España ch sub-14 2009"]
[Site "Granada ESP"]
[Date "2009.07.09"]
[Round "4.6"]
[White "Aranaz Murillo, Amalia"]
[Black "Escudero Manzano, Alejandro"]
[Result "0-1"]
[WhiteElo "2061"]
[BlackElo "1870"]
[PlyCount "70"]
[EventDate "2009.07.07"]
[EventType "swiss"]
[EventRounds "9"]
[EventCountry "ESP"]
[Source "lmi"]
[SourceDate "2009.07.07"]

1. Nf3 d5 2. d4 Nf6 3. c4 c6 4. Qb3 dxc4 5. Qxc4 Bf5 6. g3 e6 7. Bg2 Nbd7 8.
Nc3 Be7 9. O-O O-O 10. Re1 Bg6 11. e4 Rc8 12. a3 c5 13. Qe2 cxd4 14. Nxd4 Bc5
15. Nb3 Bb6 16. Bf4 Bh5 17. Bf3 Bxf3 18. Qxf3 e5 19. Bg5 h6 20. Bd2 Nc5 21.
Nxc5 Qxd2 22. N5a4 Bd4 23. Re2 Qg5 24. Nb5 Rfd8 25. Nxd4 exd4 26. Qd3 Nh5 27.
Kh1 b5 28. f4 Qg4 29. Qxb5 d3 30. Re3 d2 31. Nc3 Rxc3 32. bxc3 d1=Q+ 33. Rxd1
Rxd1+ 34. Kg2 Nxf4+ 35. Kf2 Rd2+ 0-1

[Event "España ch sub-14 2009"]
[Site "Granada ESP"]
[Date "2009.07.09"]
[Round "4.7"]
[White "Cerrato Torrijos, Maria"]
[Black "Santos Latasa, Jaime"]
[Result "0-1"]
[WhiteElo "1992"]
[BlackElo "2256"]
[PlyCount "150"]
[EventDate "2009.07.07"]
[EventType "swiss"]
[EventRounds "9"]
[EventCountry "ESP"]
[Source "lmi"]
[SourceDate "2009.07.07"]

1. e4 e6 2. d4 d5 3. Nc3 Bb4 4. e5 c5 5. a3 Bxc3+ 6. bxc3 Qa5 7. Bd2 Qa4 8. Qb1
c4 9. Nf3 Nc6 10. Be2 Nge7 11. O-O b6 12. Qb2 Bd7 13. h4 O-O-O 14. Rab1 Rdf8
15. h5 h6 16. Bf4 g5 17. Bg3 Nf5 18. Nh2 Ng7 19. Qc1 Qa5 20. Qe3 Nf5 21. Qf3
Qa4 22. Rfc1 Qxa3 23. Ng4 Ng7 24. Nf6 Qe7 25. Ra1 Kb7 26. Ra2 Ra8 27. Rca1 Ne8
28. Ng4 Qf8 29. Qe3 Ne7 30. Qc1 Nf5 31. Qb2 Bc6 32. Ra3 Nc7 33. Nf6 Qe7 34. Bg4
a6 35. Rb1 b5 36. Rba1 Kb8 37. Ra5 Bb7 38. Bh3 Kc8 39. Qc1 Ne8 40. Ng4 Nfg7 41.
Nf6 Qd8 42. Nxe8 Rxe8 43. Qd1 Nf5 44. Qf3 Qd7 45. Re1 Bc6 46. Rea1 Kb7 47. Bg4
Kb6 48. Bh2 Rf8 49. Qd1 Kb7 50. Qb1 Qd8 51. Qa2 Qb6 52. Qa3 Rfe8 53. Qb4 Bd7
54. Qa3 b4 55. cxb4 Nxd4 56. Qc3 Nc6 57. R5a4 Qd4 58. Qf3 Rf8 59. c3 Qe4 60.
Qxe4 dxe4 61. R4a2 Ne7 62. Rd2 Nd5 63. Rxd5 exd5 64. Bxd7 Rad8 65. Bf5 Kb6 66.
Rd1 Kb5 67. e6 fxe6 68. Bxe6 d4 69. Bc7 dxc3 70. Bxd8 Rxd8 71. Rc1 Kxb4 72. Bf5
Rd4 73. Bg4 Kb3 74. Bd1+ Rxd1+ 75. Rxd1 c2 0-1

[Event "España ch sub-14 2009"]
[Site "Granada ESP"]
[Date "2009.07.09"]
[Round "4.8"]
[White "Tallo Dominguez, Imar"]
[Black "Silva Rodriguez, Julio"]
[Result "1-0"]
[WhiteElo "2124"]
[BlackElo "1990"]
[PlyCount "59"]
[EventDate "2009.07.07"]
[EventType "swiss"]
[EventRounds "9"]
[EventCountry "ESP"]
[Source "lmi"]
[SourceDate "2009.07.07"]

1. e4 e6 2. d4 d5 3. Nd2 dxe4 4. Nxe4 Nd7 5. Nf3 Ngf6 6. Nxf6+ Nxf6 7. Ne5 a6
8. Bd3 c5 9. Be3 Qc7 10. Qf3 Bd6 11. Nc4 cxd4 12. Bxd4 e5 13. Bc3 O-O 14. Nxd6
Qxd6 15. O-O Re8 16. Rfe1 g6 17. Qg3 Nh5 18. Rxe5 Be6 19. Qh4 Ng7 20. Qf6 Qf8
21. a3 a5 22. Rae1 b6 23. b3 Rac8 24. Bb2 Re7 25. h4 Ne8 26. Qf4 Nc7 27. h5 f6
28. R5e2 f5 29. h6 Nd5 30. Qd4 1-0

[Event "España ch sub-14 2009"]
[Site "Granada ESP"]
[Date "2009.07.09"]
[Round "4.9"]
[White "Ontanon Gomez, Pablo"]
[Black "Ballester Llagaria, Luis Eduardo"]
[Result "1/2-1/2"]
[WhiteElo "1947"]
[BlackElo "2067"]
[PlyCount "64"]
[EventDate "2009.07.07"]
[EventType "swiss"]
[EventRounds "9"]
[EventCountry "ESP"]
[Source "lmi"]
[SourceDate "2009.07.07"]

1. e4 c5 2. Nf3 e6 3. d4 cxd4 4. Nxd4 Nf6 5. Nc3 Nc6 6. Ndb5 d6 7. Bf4 e5 8.
Bg5 a6 9. Na3 b5 10. Nd5 Be7 11. Bxf6 Bxf6 12. c4 O-O 13. cxb5 Nd4 14. Bd3 axb5
15. O-O Be6 16. Nxf6+ Qxf6 17. Nxb5 Rfb8 18. Nxd4 exd4 19. b3 Ra3 20. Qd2 Rba8
21. Qb4 g6 22. Qxd6 Rxa2 23. Rxa2 Rxa2 24. f4 Rxg2+ 25. Kh1 Rd2 26. f5 Rxd3 27.
e5 Qh4 28. fxe6 Qe4+ 29. Kg1 Qg4+ 30. Kh1 Qe4+ 31. Kg1 Qg4+ 32. Kh1 Qe4+
1/2-1/2

[Event "España ch sub-14 2009"]
[Site "Granada ESP"]
[Date "2009.07.09"]
[Round "4.10"]
[White "Piriz Fernandez, Daniel"]
[Black "Ladron De Guevara Pinto, Paolo"]
[Result "0-1"]
[WhiteElo "1793"]
[BlackElo "2020"]
[PlyCount "94"]
[EventDate "2009.07.07"]
[EventType "swiss"]
[EventRounds "9"]
[EventCountry "ESP"]
[Source "lmi"]
[SourceDate "2009.07.07"]

1. d4 Nf6 2. c4 c5 3. d5 e6 4. Nc3 exd5 5. cxd5 d6 6. e4 g6 7. Nf3 Bg7 8. Bd3
O-O 9. O-O a6 10. a4 Re8 11. h3 Nbd7 12. Bf4 Nh5 13. Bxd6 Qb6 14. e5 Bxe5 15.
Bxe5 Nxe5 16. Nxe5 Rxe5 17. Qd2 Bd7 18. Rfe1 Rae8 19. Re2 Rxe2 20. Bxe2 Nf6 21.
Bf3 Qd6 22. a5 Kg7 23. b3 Rb8 24. Qb2 Kg8 25. Re1 b5 26. Nd1 Re8 27. Ne3 Bf5
28. Qa1 Bd7 29. Rc1 Rc8 30. Bg4 Bxg4 31. hxg4 Ne4 32. Qb2 Qf4 33. Qe2 Nd6 34.
Qf3 Qxf3 35. gxf3 Kf8 36. Kg2 Ke7 37. Kg3 c4 38. bxc4 Nxc4 39. Kf4 h6 40. Rc2
Kd6 41. Ke4 Rc7 42. Kd4 Nxe3 43. Rxc7 Kxc7 44. fxe3 h5 45. gxh5 gxh5 46. e4 h4
47. Ke3 b4 0-1

[Event "España ch sub-14 2009"]
[Site "Granada ESP"]
[Date "2009.07.09"]
[Round "4.11"]
[White "Rojano Alfonso, Carlos"]
[Black "Rodriguez Ferraz, Borja"]
[Result "0-1"]
[WhiteElo "1894"]
[BlackElo "1996"]
[PlyCount "108"]
[EventDate "2009.07.07"]
[EventType "swiss"]
[EventRounds "9"]
[EventCountry "ESP"]
[Source "lmi"]
[SourceDate "2009.07.07"]

1. e4 e5 2. Nf3 Nc6 3. Bc4 Nf6 4. d3 Bc5 5. c3 d6 6. Nbd2 a6 7. Bb3 Ba7 8. O-O
O-O 9. h3 Ne7 10. Re1 Ng6 11. Nf1 h6 12. Ng3 Be6 13. Bc2 Nh7 14. d4 Qf6 15. Nh5
Qe7 16. Be3 Nh4 17. Ng3 Nxf3+ 18. Qxf3 Ng5 19. Qh5 Qf6 20. Rad1 Rfe8 21. d5 Bd7
22. Bxa7 Rxa7 23. Re3 Raa8 24. Nf1 Qf4 25. Nd2 Rf8 26. Qe2 f5 27. exf5 Bxf5 28.
Bxf5 Qxf5 29. Ne4 Nxe4 30. Rxe4 Rf6 31. Rd3 Raf8 32. Rf3 Qg5 33. Rxf6 Rxf6 34.
Qe3 Rf4 35. Rxf4 Qxf4 36. Qxf4 exf4 37. Kf1 Kf7 38. Ke2 Kf6 39. Kd3 Ke5 40. c4
b5 41. b3 b4 42. g3 g6 43. g4 g5 44. f3 a5 45. Ke2 Kd4 46. Kd2 a4 47. bxa4 Kxc4
48. Kc2 Kxd5 49. Kb3 c5 50. a5 Kc6 51. Ka4 d5 52. a6 Kb6 53. a7 Kxa7 54. Kb5 d4
0-1

[Event "España ch sub-14 2009"]
[Site "Granada ESP"]
[Date "2009.07.09"]
[Round "4.12"]
[White "Sanchez Ibern, Marc"]
[Black "Lopez Garralon, Miguel"]
[Result "1-0"]
[WhiteElo "2289"]
[BlackElo "1796"]
[PlyCount "63"]
[EventDate "2009.07.07"]
[EventType "swiss"]
[EventRounds "9"]
[EventCountry "ESP"]
[Source "lmi"]
[SourceDate "2009.07.07"]

1. e4 e6 2. d4 d5 3. Nc3 Nc6 4. Nf3 Nf6 5. Bg5 Bb4 6. e5 h6 7. Bd2 Ne4 8. Nxe4
dxe4 9. Bxb4 Nxb4 10. c3 Nd5 11. Ng1 O-O 12. Qd2 f5 13. c4 Ne7 14. O-O-O b6 15.
Ne2 Ng6 16. Nf4 Nxf4 17. Qxf4 Qg5 18. Qxg5 hxg5 19. h4 gxh4 20. Rxh4 c6 21. f3
exf3 22. gxf3 g6 23. Bg2 Bd7 24. Rdh1 Kf7 25. Rh7+ Ke8 26. Rg7 Kd8 27. Rhh7 Be8
28. f4 a5 29. Kd2 Rc8 30. b3 b5 31. cxb5 cxb5 32. d5 1-0

[Event "España ch sub-14 2009"]
[Site "Granada ESP"]
[Date "2009.07.09"]
[Round "4.13"]
[White "Gomez Dieguez, David"]
[Black "Pintor Munoz, Antonio"]
[Result "0-1"]
[WhiteElo "1795"]
[BlackElo "2278"]
[PlyCount "48"]
[EventDate "2009.07.07"]
[EventType "swiss"]
[EventRounds "9"]
[EventCountry "ESP"]
[Source "lmi"]
[SourceDate "2009.07.07"]

1. e4 e6 2. Nf3 d5 3. e5 c5 4. b4 cxb4 5. a3 Nc6 6. axb4 Bxb4 7. c3 Be7 8. d4
Nh6 9. Bd3 Nf5 10. Ba3 O-O 11. O-O f6 12. Qc2 fxe5 13. dxe5 h6 14. Bxe7 Qxe7
15. Ra4 Bd7 16. Rg4 Rac8 17. Qd2 Kh8 18. Rg6 Be8 19. Bxf5 Rxf5 20. Rxh6+ gxh6
21. Qxh6+ Kg8 22. Nh4 Rh5 23. Ng6 Rxh6 24. Nxe7+ Nxe7 0-1

[Event "España ch sub-14 2009"]
[Site "Granada ESP"]
[Date "2009.07.09"]
[Round "4.14"]
[White "Ordonez Torres, Maria Del Carmen"]
[Black "Suarez Garcia, Carlos"]
[Result "0-1"]
[WhiteElo "1780"]
[BlackElo "2122"]
[PlyCount "96"]
[EventDate "2009.07.07"]
[EventType "swiss"]
[EventRounds "9"]
[EventCountry "ESP"]
[Source "lmi"]
[SourceDate "2009.07.07"]

1. e4 d5 2. exd5 Qxd5 3. Nc3 Qd6 4. d4 Nf6 5. Nf3 a6 6. Bc4 Nc6 7. h3 Bf5 8.
Be3 e6 9. Qd2 O-O-O 10. O-O-O Qb4 11. Bb3 Na5 12. Na4 Qb5 13. Ng5 Bg6 14. Nc3
Nxb3+ 15. axb3 Qa5 16. Qe2 Qa1+ 17. Nb1 Nd5 18. Bd2 Bb4 19. f3 Qa5 20. Ne4
Bxd2+ 21. Qxd2 Nb4 22. Na3 e5 23. Qe3 f5 24. Nc3 e4 25. fxe4 fxe4 26. h4 Nd5
27. Nxd5 Qxd5 28. Nc4 Bh5 29. Qh3+ Qd7 30. Rd2 Qxh3 31. Rxh3 Rhf8 32. c3 Rf1+
33. Kc2 e3 34. Rxe3 Bg6+ 35. Red3 Rh1 36. g3 Rg1 37. Ne5 Bxd3+ 38. Rxd3 Rf8 39.
c4 Rf2+ 40. Kc3 Rc1+ 41. Kb4 b6 42. Re3 Kb7 43. d5 Rf5 44. Nc6 Rf6 45. Re7 Rxc6
46. dxc6+ Kxc6 47. Re6+ Kd7 48. Re3 c5+ 0-1

[Event "España ch sub-14 2009"]
[Site "Granada ESP"]
[Date "2009.07.09"]
[Round "4.15"]
[White "Meneses Gonzalez, Kevin Moises"]
[Black "Garcia De Lomas Guerrero, Carlos"]
[Result "1-0"]
[WhiteElo "2074"]
[BlackElo "1793"]
[PlyCount "87"]
[EventDate "2009.07.07"]
[EventType "swiss"]
[EventRounds "9"]
[EventCountry "ESP"]
[Source "lmi"]
[SourceDate "2009.07.07"]

1. e4 e6 2. d3 d5 3. Nd2 Nf6 4. Ngf3 c5 5. g3 Nc6 6. Bg2 b6 7. O-O Bb7 8. Re1
Qc7 9. Nf1 O-O-O 10. Qe2 h6 11. Bf4 Qe7 12. h4 Nb4 13. a3 dxe4 14. axb4 exf3
15. Bxf3 Bxf3 16. Qxf3 Qb7 17. Nd2 Nd5 18. bxc5 Bxc5 19. Ne4 Nf6 20. Kg2 Nxe4
21. dxe4 Rd4 22. c3 Rd7 23. Ra4 Bd6 24. Rea1 e5 25. Rxa7 Qxa7 26. Rxa7 Rxa7 27.
Be3 f6 28. Bxb6 Rb7 29. Be3 Rd8 30. Qe2 Rdd7 31. Qc4+ Kd8 32. b4 Ke8 33. Qg8+
Bf8 34. Bc5 Rf7 35. c4 Rbc7 36. Kf1 Rxc5 37. bxc5 Rc7 38. Qe6+ Be7 39. c6 Kf8
40. Ke2 Ra7 41. Qc8+ Kf7 42. c7 Ra4 43. Qd7 Rxc4 44. Qd5+ 1-0

[Event "España ch sub-14 2009"]
[Site "Granada ESP"]
[Date "2009.07.09"]
[Round "4.16"]
[White "Quintin Navarro, Alberto"]
[Black "Cavalle Pulla, Daniel"]
[Result "1-0"]
[WhiteElo "2064"]
[BlackElo "1785"]
[PlyCount "106"]
[EventDate "2009.07.07"]
[EventType "swiss"]
[EventRounds "9"]
[EventCountry "ESP"]
[Source "lmi"]
[SourceDate "2009.07.07"]

1. c4 e5 2. Nc3 Nc6 3. g3 Nf6 4. Bg2 d6 5. d3 g6 6. Nf3 Bg7 7. O-O O-O 8. Bg5
h6 9. Bxf6 Bxf6 10. Nd2 Nd4 11. e3 Nf5 12. Rb1 c6 13. b4 Be6 14. Nde4 Bg7 15.
b5 Qd7 16. bxc6 bxc6 17. Qa4 Ne7 18. Rb3 f5 19. Nd2 Rfb8 20. Rfb1 Rxb3 21. Rxb3
Qc7 22. Qa6 Bc8 23. Qa4 Be6 24. Qb4 Kf8 25. Nb5 Qd7 26. Qxd6 Rd8 27. Qxd7 Rxd7
28. Na3 c5 29. Kf1 Rd6 30. Ke2 Ra6 31. Ndb1 Bd7 32. Nc3 Ba4 33. Bb7 Ra5 34.
Nxa4 Rxa4 35. e4 fxe4 36. dxe4 Bf6 37. Kd2 Bg5+ 38. Kc2 Ng8 39. h4 Bd8 40. Bc6
Ra6 41. Bb5 Rf6 42. f3 Ba5 43. Re3 Ne7 44. Nb1 Nc8 45. Ba4 Nb6 46. Bb3 Nd7 47.
Nc3 Nb8 48. Nd5 Rf7 49. Ba4 Na6 50. f4 exf4 51. Nxf4 Nb4+ 52. Kb2 Rb7 53. Bb3
Kf7 1-0

[Event "España ch sub-14 2009"]
[Site "Granada ESP"]
[Date "2009.07.09"]
[Round "5.1"]
[White "Cruz Lledo, Pablo"]
[Black "Anton Guijarro, David"]
[Result "1/2-1/2"]
[WhiteElo "2190"]
[BlackElo "2265"]
[PlyCount "40"]
[EventDate "2009.07.07"]
[EventType "swiss"]
[EventRounds "9"]
[EventCountry "ESP"]
[Source "lmi"]
[SourceDate "2009.07.07"]

1. d4 Nf6 2. c4 e6 3. Nc3 Bb4 4. Nf3 c5 5. g3 Ne4 6. Qd3 Qa5 7. Qxe4 Bxc3+ 8.
Bd2 Bxd2+ 9. Nxd2 Nc6 10. d5 Nd4 11. Qd3 O-O 12. Bg2 d6 13. e3 Nf5 14. dxe6
Bxe6 15. O-O Qc7 16. Ne4 Rad8 17. Nc3 Ne7 18. Nd5 Bxd5 19. Bxd5 Rfe8 20. Rfd1
Nxd5 1/2-1/2

[Event "España ch sub-14 2009"]
[Site "Granada ESP"]
[Date "2009.07.09"]
[Round "5.2"]
[White "Escudero Manzano, Alejandro"]
[Black "Alcaraz Ortega, Javier"]
[Result "0-1"]
[WhiteElo "1870"]
[BlackElo "2241"]
[PlyCount "78"]
[EventDate "2009.07.07"]
[EventType "swiss"]
[EventRounds "9"]
[EventCountry "ESP"]
[Source "lmi"]
[SourceDate "2009.07.07"]

1. e4 c5 2. Nf3 d6 3. c3 Nf6 4. h3 g6 5. Bd3 Bg7 6. Bc2 O-O 7. O-O Nc6 8. Re1
e5 9. d3 Re8 10. Be3 b6 11. Ba4 Bb7 12. Bxc6 Bxc6 13. c4 Nd7 14. Nh2 f5 15. Nc3
Nf6 16. Qc2 f4 17. Bd2 Bd7 18. a3 g5 19. b4 g4 20. hxg4 Nxg4 21. Nxg4 Bxg4 22.
f3 Be6 23. Kf1 Qg5 24. Nb5 Re7 25. Red1 Bf8 26. Be1 Rg7 27. Qf2 Kh8 28. Ra2 a6
29. Nc3 Be7 30. Nd5 Rag8 31. Nxe7 Qxe7 32. Qh4 Qd7 33. Bc3 Rg6 34. Qxf4 Qa4 35.
Rda1 Qb3 36. Qc1 Bh3 37. Rb2 Rxg2 38. Ke1 Rxb2 39. Qxb2 Rg1+ 0-1

[Event "España ch sub-14 2009"]
[Site "Granada ESP"]
[Date "2009.07.09"]
[Round "5.3"]
[White "Pardo Simon, David"]
[Black "Fernandez Lledo, Javier"]
[Result "1-0"]
[WhiteElo "2321"]
[BlackElo "1977"]
[PlyCount "103"]
[EventDate "2009.07.07"]
[EventType "swiss"]
[EventRounds "9"]
[EventCountry "ESP"]
[Source "lmi"]
[SourceDate "2009.07.07"]

1. c4 e5 2. Nc3 Nf6 3. Nf3 Nc6 4. e3 Bb4 5. Qc2 d6 6. Nd5 Ba5 7. a3 Bb6 8. Nxb6
axb6 9. d3 O-O 10. Be2 Re8 11. O-O Bf5 12. e4 Bg4 13. Be3 Bxf3 14. Bxf3 Nd7 15.
g3 Nf8 16. Bg2 Ne6 17. f4 Ned4 18. Qf2 Qd7 19. b4 b5 20. cxb5 Nxb5 21. a4 Nbd4
22. b5 Nb4 23. Bxd4 exd4 24. Rfb1 c5 25. bxc6 Nxc6 26. Bf3 Reb8 27. Qb2 Ra5 28.
Bd1 h5 29. Bb3 Rc5 30. Bd5 Rc3 31. Rc1 Ne7 32. Bc4 Rxc1+ 33. Rxc1 Qxa4 34. Qxd4
Qa3 35. Rb1 Qc5 36. Qf2 Kf8 37. Rb5 Qxf2+ 38. Kxf2 g6 39. f5 Nc6 40. Bd5 Nd8
41. Rb6 Ke7 42. fxg6 fxg6 43. Ke3 Rc8 44. e5 dxe5 45. Rxg6 h4 46. gxh4 Rc2 47.
h5 Rxh2 48. h6 Nc6 49. Bxc6 bxc6 50. Rxc6 Rh4 51. h7 Kd8 52. Ra6 1-0

[Event "España ch sub-14 2009"]
[Site "Granada ESP"]
[Date "2009.07.09"]
[Round "5.4"]
[White "Santos Latasa, Jaime"]
[Black "Navarro Lopez-Menchero, Daniel"]
[Result "1-0"]
[WhiteElo "2256"]
[BlackElo "2024"]
[PlyCount "111"]
[EventDate "2009.07.07"]
[EventType "swiss"]
[EventRounds "9"]
[EventCountry "ESP"]
[Source "lmi"]
[SourceDate "2009.07.07"]

1. d4 Nf6 2. c4 e6 3. g3 d5 4. Bg2 Bb4+ 5. Nd2 O-O 6. Ngf3 dxc4 7. Qc2 Nc6 8.
Qxc4 Qd5 9. O-O Bxd2 10. Qxd5 exd5 11. Bxd2 Re8 12. Rfe1 Bg4 13. e3 Ne4 14. Bc3
Bxf3 15. Bxf3 f5 16. Rec1 a5 17. Be1 Re7 18. Be2 Nd8 19. Bd3 c6 20. h4 g6 21.
f3 Nf6 22. Bd2 Kg7 23. a4 b6 24. Kf2 Rf7 25. Kg2 Re7 26. Rab1 Rea7 27. Be1 h5
28. b3 Re7 29. Kf2 Rf7 30. Ke2 Re7 31. Bc3 Kf7 32. Kd2 Kg8 33. Bc2 Kf7 34. Bb2
b5 35. axb5 cxb5 36. Bd3 Rb7 37. Rc5 Rab8 38. Ra1 Ne6 39. Rxa5 Nxc5 40. dxc5 b4
41. Be5 Rc8 42. Bd4 Rbc7 43. Bb5 Nd7 44. Bxd7 Rxd7 45. Rb5 Ra7 46. Rxb4 Ra2+
47. Kd3 Rg2 48. Rb7+ Ke8 49. b4 Rxg3 50. b5 Rxf3 51. b6 f4 52. Ra7 fxe3 53. b7
Rd8 54. c6 e2+ 55. Kxe2 Rb3 56. c7 1-0